| 000 -ლიდერი |
| ფიქსირებული სიგრძის საკონტროლო ველი |
01660nam a22002057a 4500 |
| 003 - საკონტროლო ნომრის იდენტიფიკატორი |
| საკონტროლო ველი |
Ge_BSU |
| 005 - ბოლო ოპერაციის თარიღი და დრო |
| საკონტროლო ველი |
20220607135905.0 |
| 008 - ფიქსირებული სიგრძის მონაცემთა ელემენტები - ზოგადი ინფორმაცია |
| ფიქსირებული სიგრძის საკონტროლო ველი |
220607s2021 ge ||||| |||| 00| 0 geo d |
| 020 ## - წიგნის საერთაშორისო სტანდარტული ნომერი |
| International Standard Book Number |
9789941330858 |
| 041 ## - ენის კოდი |
| Language code of text/sound track or separate title |
geo |
| 080 ## - უნივერსალური ათობითი კლასიფიკაციის ინდექსი |
| Universal Decimal Classification number |
2-001 რ-40 |
| 245 ## - ცნობა სათაურის შესახებ |
| Title |
რელიგია და მეცნიერება : |
| Remainder of title |
დიალოგი, კონფლიქტი თუ იზოლაცია / |
| Statement of responsibility, etc |
შემდგენელი გიორგი თავაძე; რედაქტორი მანანა სანაია, ყდის დიზაინი გიორგი ბაგრატიონი; აღმოსავლეთ ევროპის უნივერსიტეტი. ვარლამ ჩერქეზიშვილის სახელობის ინტერდისციპლინური კვლევების ცენტრი. |
| 264 ## - წარმოების, გამოცემის, დისტრიბუციის და სხვა ცნობები |
| გამოცემის, წარმოების, დისტრიბუციის... ადგილი |
თბილისი : |
| გამოცემის, წარმოების, დისტრიბუციის... სახელწოდება |
უნივერსალი, |
| გამოცემის, წარმოების, დისტრიბუციის... თარიღი |
2021. |
| 300 ## - ფიზიკური აღწერა |
| Extent |
159 გვ.: |
| Other physical details |
სურ.; |
| Dimensions |
21 სმ. |
| 700 ## - ADDED ENTRY--PERSONAL NAME |
| Personal name |
თავაძე, გიორგი |
| Relator term |
შემდგენელი |
| 9 (RLIN) |
2230 |
| 700 ## - ADDED ENTRY--PERSONAL NAME |
| Personal name |
სანაია, მანანა |
| Relator term |
რედაქტორი |
| 9 (RLIN) |
14004 |
| 700 ## - ADDED ENTRY--PERSONAL NAME |
| Personal name |
ბაგრატიონი, გიორგი |
| Relator term |
ყდის დიზაინი |
| 9 (RLIN) |
14005 |
| 710 ## - ADDED ENTRY--CORPORATE NAME |
| Corporate name or jurisdiction name as entry element |
აღმოსავლეთ ევროპის უნივერსიტეტი. |
| Subordinate unit |
ვარლამ ჩერქეზიშვილის სახელობის ინტერდისციპლინური კვლევების ცენტრი. |
| 9 (RLIN) |
14006 |
| 942 ## - ADDED ENTRY ELEMENTS (KOHA) |
| Source of classification or shelving scheme |
|
| Koha item type |
წიგნი |